00237nam a2200097Ia 4500008004100000082001400041100002000055245002400075260002000099600002000119241002s9999 xx 000 0 und d a305.2 MIC aMichael, Donald 4aThe Next Generation aNew York:c1965 aSocial Sciences